00333nam a22001217a 4500003000400000008004100004020001800045082001800063100002500081245005100106260003900157300001500196OSt240828b |||||||| |||| 00| 0 eng d a9788124606322 a891.2909bSCS aSINGH, bal ram (Ed.) aScience and Technology in Ancient Indian Texts aNew Delhi:bDK Print World,c2024. axvii,318p.